| 000 | 01278nam a22003497a 4500 | ||
|---|---|---|---|
| 003 | CHAP | ||
| 005 | 20220329134850.0 | ||
| 008 | 971013s1971 r 00010 d | ||
| 010 | _a27146 | ||
| 011 | _a28118 | ||
| 035 | _a32220 | ||
| 040 | _cCHAP | ||
| 082 |
_a621.3 _bE5y |
||
| 245 | _aElectricidad | ||
| 260 |
_aMéxico, D.F. : _bDiana, _c1971 |
||
| 300 |
_a4 v. _b: ilus. |
||
| 490 | _aManuales Delmar de electricidad y electrónica | ||
| 500 | _aLa biblioteca tiene : v.3, v.4 | ||
| 590 |
_aBATCH-UPD _b10 _c20130110 _lUCH01 _h1320 |
||
| 590 |
_aBATCH-UPD _b10 _c20130410 _lUCH01 _h0829 |
||
| 590 |
_aBATCH-UPD _b10 _c20130914 _lUCH01 _h1255 |
||
| 590 |
_aCONVERSION _b10 _c20130109 _lUCH01 _h1316 |
||
| 650 | 1 | 4 |
_aElectricidad. _936215 |
| 830 | 0 |
_aManuales Delmar de electricidad y electrónica _970679 |
|
| 901 | _aBK | ||
| 942 | _cLIBRO | ||
| 949 |
_a621.3 E5y _bBC _cLIBRO _d33724000015285 _eLIBRO _fv.4 c.2 _h16714 _i32220 _mD _si |
||
| 949 |
_a621.3 E5y _bBC _cLIBRO _d33724000483137 _eLIBRO _fv.3 c.2 _h16712 _i32220 _mD _si |
||
| 949 |
_a621.3 E5y _bBC _cLIBRO _d33724000483145 _eLIBRO _fv.3 _h16711 _i32220 _mD _si |
||
| 949 |
_a621.3 E5y _bBC _cLIBRO _d33724000483202 _eLIBRO _fv.4 _h16713 _i32220 _mD _si |
||
| 949 |
_a621.3 E5y _bBC _cLIBRO _d33724000602199 _eLIBRO _fv.1 c.2 _h16708 _i32220 _si |
||
| 999 |
_c27146 _d27146 |
||